000 00555nam a22001817a 4500
005 20251108164018.0
008 250721s1989 xx 000 0 ara d
082 1 4 _a189/حيا
100 1 _aأبو حيان التوحيدى، علي بن محمد بن علي بن العباس
245 1 0 _aالمقابسات /
250 _aط2
264 1 _aبيروت :
_bدار الآداب،
_c1989.
300 _a437ص
650 1 7 _aالفلسفة الإسلامية
700 1 _aحسن، محمد توفيق
_eتحقيق
942 _2ddc
_cBK
999 _c1375
_d1375